Airplane Identification (Airliners) - Statistics

General Stats
  • This quiz has been taken 536 times
  • The average score is 18 of 35
Answer Stats
Picture Answer % Correct
Boeing 707
88%
Boeing 747
71%
Airbus A350
70%
Airbus A380
70%
Boeing 737
66%
Airbus A340
65%
Airbus A320
64%
Boeing 757
64%
Airbus A318
63%
Boeing 787
63%
Boeing 777
62%
Douglas DC-10
59%
Airbus A319
56%
Airbus A330
56%
McDonnell Douglas MD-11
56%
Airbus A321
55%
Airbus A220
54%
Airbus A300
53%
Airbus A310
53%
Boeing 727
52%
Embraer 190
51%
Boeing 717
49%
McDonnell Douglas MD-80 Series
48%
Douglas DC-8
47%
Boeing 767
46%
Bombardier CRJ Series
46%
Embraer 170
45%
Lockheed L-1011 TriStar
43%
Boeing 767-400
40%
Boeing 720
38%
Fokker 100
34%
Douglas DC-9
33%
Tupolev Tu-154
28%
Fokker 70
26%
Hawker Siddeley HS121 Trident
26%
No matching quizzes found
Score Distribution
Percent of People with Each Score
Percentile by Number Answered
Your Score History
You have not taken this quiz